000 00531nmm a2200169Ia 4500
008 251105s9999||||xx |||||||||||||||||und||
020 _a8497491327
041 _aspa
100 _aLorenzo Modia, María Jesús (ed.)
245 0 _aAll in all: a plural view of our teaching & learning
264 _a[Madrid, España] :
_bUniversidade da Coruña,
_c2004
300 _a292 páginas
490 _aMonografías
650 _aEnglish literature and language
856 _uhttps://public.digitaliapublishing.com/a/9045
942 _cCF
999 _c74254
_d74254